| 000 | 00620nam a2200217Ia 4500 | ||
|---|---|---|---|
| 005 | 20250923145341.0 | ||
| 008 | 008 250917s9999 xx 000 0 eng d | ||
| 037 | _aTextual | ||
| 040 |
_aDSWL _beng _cDSWL |
||
| 041 |
_aeng _2eng |
||
| 084 |
_aS8, N76 _qDSWL |
||
| 100 |
_aHollander, Edwin P. _9834356 |
||
| 245 | 0 |
_aPrinciples and methods of Social Psychology _c by Edwin P. Hollander |
|
| 250 | _a3rd | ||
| 260 |
_aNew York _b Oxfor University Press _c1976 |
||
| 300 | _axxiii,612p. | ||
| 365 |
_aINR _b113 . 49 |
||
| 925 | _g113 . 49 | ||
| 942 |
_cTEXL _hS8, N76 |
||
| 999 |
_c1450306 _d1450306 |
||